| 000 | 01069nam a22002535a 4500 | ||
|---|---|---|---|
| 003 | OSt | ||
| 005 | 20170131105724.0 | ||
| 008 | 160922s2016 ua frb 000 0 ara d | ||
| 016 | _22016 / 4969 | ||
| 020 | _a9789770480458 | ||
| 040 |
_aEG-ScBUE _bara _cEG-ScBUE _dEG-ScBUE |
||
| 082 | 0 | 4 |
_a343.071 _bأ ح م _222 |
| 100 | 1 | _aأحمد، أمينة أحمد محمد. | |
| 245 | 1 | 0 |
_aحماية المستهلك في عقود التجارة الإلكترونية : _bدراسة مقارنة / _cأمينة أحمد محمد أحمد. |
| 260 |
_aالقاهرة : _bدار النهضة العربية، _c2016. |
||
| 300 |
_a569 ص. ؛ _c24 سم. |
||
| 504 | _aيشتمل على إرجاعات ببليوجرافية. | ||
| 650 | 7 |
_aحماية المستهلك _xقوانين وتشريعات _2BUEsh |
|
| 650 | 7 |
_aالعقود الإلكترونية _xقوانين وتشريعات. _2BUEsh _941111 |
|
| 650 | 7 |
_aالتجارة الإلكترونية _xقوانين وتشريعات. _2BUEsh _941166 |
|
| 651 | _2BUEsh | ||
| 653 |
_bLLAAWW _cJanuary2017 |
||
| 942 | _2ddc | ||
| 999 |
_c24027 _d23999 |
||